| 000 | 00662nam a2200229Ia 4500 | ||
|---|---|---|---|
| 003 | GCL | ||
| 008 | 140319s9999 xx 000 0 ara d | ||
| 040 |
_aGCL / _cGCL |
||
| 082 | 0 | 4 |
_a152.3 _bا ن |
| 100 | 1 | _aاسامة كامل راتب | |
| 245 | 1 | 0 |
_aالنمو الحركى : الطفولة - المراهقة / _cاسامة كامل راتب |
| 300 | _a308 ص | ||
| 490 | _a | ||
| 650 | 0 | 4 | _aالمراهقة |
| 650 | 0 | 4 | _aالتربية البدنية |
| 650 | 0 | 4 | _aالحركة |
| 650 | 0 | 4 | _aالاطفال - نمو |
| 650 | 0 | 4 | _aالتربية البدنية للاطفال |
| 650 | 0 | 4 | _aالطفل |
| 650 | 0 | 4 | _aالنمو |
| 942 |
_2ddc _cBK |
||
| 999 |
_c39075 _d39075 |
||